Obras completas. Nueva revisión del texto original con notas críticas.
Guardat en:
| Autor principal: | |
|---|---|
| Altres autors: | , |
| Format: | Llibre |
| Idioma: | espanyol |
| Publicat: |
Madrid, España:
Biblioteca de Autores Cristianos,
1951-1954.
|
| Col·lecció: | Biblioteca de Autores Cristianos
|
| Matèries: | |
| Etiquetes: |
Afegir etiqueta
Sense etiquetes, Sigues el primer a etiquetar aquest registre!
|
MARC
| LEADER | 00000nam a2200000 a 4500 | ||
|---|---|---|---|
| 001 | UCL5743 | ||
| 003 | CL-VaPUC | ||
| 005 | 20231204152042.0 | ||
| 008 | 040319e19510000SP |||||||||||||||||spa|d | ||
| 999 | |c 308172 |d 308170 | ||
| 040 | |c Pontificia Universidad Católica de Valparaíso | ||
| 082 | 0 | 4 | |a 248.894 TER 1951 (v.I) |2 22 |
| 082 | 0 | 4 | |a 248.894 TER 1954 (v.II) |2 22 |
| 100 | |a Teresa de Jesús, Santa |e autora |9 474016 | ||
| 245 | 1 | 0 | |a Obras completas. |b Nueva revisión del texto original con notas críticas. |
| 260 | |a Madrid, España: |b Biblioteca de Autores Cristianos, |c 1951-1954. | ||
| 300 | |a 2 Volúmenes. | ||
| 490 | 0 | |a Biblioteca de Autores Cristianos | |
| 505 | |r v.I: Niño Jesús, Otilio del, OC.D. |t Bibliografía teresiana: - Primera parte: Las obras de Santa Teresa de Jesís. I. Autógrafos y copias manuscritas. 1) Los autógrafos . 2) Copias manuscritas. II. Ediciones de las obras. 1) Ediciones españolas. A) Ediciones completas. B) Ediciones parciales. C) Florilegios. 2) Versiones extranjeras: - Ediciones alemanas. - Ediciones árabes, croatas, chinas, danesas. - Ediciones francesas. - Ediciones holandesas. - Ediciones húngaras. - Ediciones inglesas. - Ediciones italianas. - Ediciones latinas. - Ediciones malayalas. - Ediciones polacas. - Ediciones polacas. - Ediciones portuguesas. - Ediciones tamil. Segunda parte: Obras de Santa Teresa de Jesús. I. Biografía. II. Estudios doctrinales. III. Estudios de crítica literaria. IV. Composiciones literarias. V. Literatura devota. VI. Miscelánea. Tiempo y vida de Santa Teresa. - Teresa de Ahumada. - Capítulo I: La voz de la sangre. - Capítulo II: Asomos y primicias. - Capítulo III: Vida en flor. - Capítulo IV: Devaneos y verdades. - Capítulo V: Una muy determinada determinación. - Capítulo VI: Primavera religiosa. - Capítulo VII: Enfermedades misteriosas. - Capítulo VIII: Entre la red y el oratorio. - Capítulo IX: El juicio de los hombres. - Capítulo X: Llegando a la cumbre. - Libro de la Vida. | ||
| 505 | |r Madre de Dios, Efrén de la, O.C.D |t Biografía de Santa Teresa. | ||
| 505 | |r Teresa de Jesús, Santa |t Libro de la Vida. | ||
| 505 | |a v.II: - Camino de perfección: -- Códice de Toledo. -- Códice de El Escorial. - Moradas del Castillo interior. - Cuentas de conciencia. - Apuntaciones. - Meditaciones sobre los cantares. (Red. Baeza, Alba de Tormes-Consuegro, Las Nieves). - Exclamaciones. - Fundaciones. - Constituciones. - Visita de descalzas. - Avisos. - Desafío espiritual. - Vejamen. - Poesías. - Ordenanzas de una cofradía. | ||
| 583 | |a last modification |c 20040319 00:00:00 |k Rodrigo Vera | ||
| 650 | 0 | |a Literatura española |9 306261 |v Prosas religiosas | |
| 650 | 0 | |a Literatura cristiana |9 402861 |x Meditaciones, cartas, poesías, autobiografía, etc. |x Experiencia mística | |
| 700 | |9 885772 |a Madre de Dios, Efrén de la, |c O.C.D. |e edición preparada |e (v.I) |e (v.II) | ||
| 700 | |9 885819 |a Niño Jesús, Otilio del, |c O.C.D. |e edición preparada (v.I) | ||
| 942 | |c BK |2 ddc | ||
| 945 | |d 20040319 00:00:00 |a vberengu | ||
| 952 | |0 0 |1 0 |2 ddc |4 0 |6 248_894000000000000_TER_1951 |7 0 |8 A |9 374453 |a BIBTEO |b BIBTEO |d 2019-11-21 |h v.I |i 210654K |o 248.894 TER 1951 |p 210654K |r 2025-01-17 |t 1 |w 2019-11-21 |y BK |k ICR | ||
| 952 | |0 0 |1 0 |2 ddc |4 0 |6 248_894000000000000_TER_1954 |7 0 |8 A |9 592501 |a BIBTEO |b BIBTEO |d 2023-11-14 |h v.II |i 2080451 |o 248.894 TER 1954 |p 2080451 |r 2025-01-17 |t 1 |w 2023-11-14 |y BK |k ICR | ||
| 952 | |0 0 |1 0 |2 ddc |4 0 |6 248_894000000000000_TER_1954 |7 0 |8 A |9 592502 |a BIBTEO |b BIBTEO |d 2023-11-14 |h v.II |i 2088312 |o 248.894 TER 1954 |p 2088312 |r 2025-01-17 |t 1 |w 2023-11-14 |y BK |k ICR | ||